[Event "ECU-ch U18"]
[Site "Riobamba"]
[Date "2023.04.13"]
[Round "3"]
[White "Aguilar Loor, Anthony Jahir"]
[Black "Cargua Inca, Andres Mateo"]
[Result "0-1"]
[WhiteElo "1340"]
[BlackElo "1562"]
[PlyCount "65"]
[EventDate "2023.04.12"]
[EventType "swiss"]
[EventRounds "9"]
[EventCountry "ECU"]
[SourceTitle "EXT 2024"]
[Source "ChessBase"]
[SourceDate "2023.10.10"]
[SourceVersion "1"]
[SourceVersionDate "2023.10.10"]
[SourceQuality "1"]

1. Nf3 d5 2. g3 Nf6 3. Bg2 Bg4 4. d4 e6 5. 0-0 Bd6 6. c4 c6 7. Qc2 Nbd7 8. Nc3 dxc4 9. Nd2 Nb6 10. Nde4 Be7 11. e3 0-0 12. a4 a5 13. Rb1 Nbd5 14. Nxf6+ Bxf6 15. Ne4 b5 16. Nxf6+ Qxf6 17. Bd2 Be2 18. axb5 Bxf1 19. Kxf1 cxb5 20. e4 Qg6 21. f4 Ne7 22. f5 exf5 23. exf5 Qxf5+ 24. Qxf5 Nxf5 25. d5 Rad8 26. Bf4 Rfe8 27. Rd1 b4 28. h3 g6 29. d6 c3 30. bxc3 bxc3 31. d7 c2 32. Rd3 c1Q+ 33. Bxc1 0-1